000 00819nam a22002177a 4500
003 UA-OsUOA
001 107014
007 ta
008 20140701b un ||||| |||| 00| 0 ukr d
100 _aОвсієнко Л.
090 _a82
_bО-34
942 _cSA
040 _aUA-OsUOA
_bukr
_cUA-OsUOA
_dUA-OsUOA
245 _aОсобливості поетапного навчання лінгвістики тексту студентів філологічних спеціальностей на засадах компетентнісного підходу
300 _aС.41-47
955 _a0
041 _aukr
080 _a82
773 0 _w107012
_tУкраїнська мова і література в школі
_dК.
_d2014
_g3
650 7 _a82 Література. Літературознавство
_2UDC
999 _c393039
_d393039